<?xml version="1.0" encoding="UTF-8"?>
<record
    xmlns:xsi="http://www.w3.org/2001/XMLSchema-instance"
    xsi:schemaLocation="http://www.loc.gov/MARC21/slim http://www.loc.gov/standards/marcxml/schema/MARC21slim.xsd"
    xmlns="http://www.loc.gov/MARC21/slim">

  <leader>02564nam a2200277 a 4500</leader>
  <controlfield tag="001">000046527</controlfield>
  <controlfield tag="003">DO-SdBNP</controlfield>
  <controlfield tag="005">20230216074754.0</controlfield>
  <controlfield tag="007">ta</controlfield>
  <controlfield tag="008">150824s1999    dr            000 0 spa d</controlfield>
  <datafield tag="020" ind1=" " ind2=" ">
    <subfield code="a">9993433004</subfield>
  </datafield>
  <datafield tag="040" ind1=" " ind2=" ">
    <subfield code="a">DO-SdBNP</subfield>
    <subfield code="b">spa</subfield>
    <subfield code="c">BNPHU</subfield>
  </datafield>
  <datafield tag="082" ind1=" " ind2=" ">
    <subfield code="a">371.3</subfield>
    <subfield code="b">C117P</subfield>
    <subfield code="2">22</subfield>
  </datafield>
  <datafield tag="100" ind1="1" ind2=" ">
    <subfield code="a">Cabrera, Onavis Carmelo</subfield>
    <subfield code="9">17548</subfield>
  </datafield>
  <datafield tag="245" ind1="1" ind2="0">
    <subfield code="a">Paulo Freire :</subfield>
    <subfield code="b">su vida, convicciones pol&#xED;ticas y el paradigma de la de la impugnaci&#xF3;n /</subfield>
    <subfield code="c">Onavis Carmelo Cabrera.</subfield>
  </datafield>
  <datafield tag="260" ind1=" " ind2=" ">
    <subfield code="a">Santo Domingo :</subfield>
    <subfield code="b">Mediabyte,</subfield>
    <subfield code="c">1999.</subfield>
  </datafield>
  <datafield tag="300" ind1=" " ind2=" ">
    <subfield code="a">221 ;</subfield>
    <subfield code="c">21 cm.</subfield>
  </datafield>
  <datafield tag="500" ind1=" " ind2=" ">
    <subfield code="a">Incluye datos biogr&#xE1;ficos del autor en las solapas</subfield>
  </datafield>
  <datafield tag="504" ind1=" " ind2=" ">
    <subfield code="a">Bibliograf&#xED;a : p. 217-221</subfield>
  </datafield>
  <datafield tag="505" ind1="0" ind2=" ">
    <subfield code="a">Vida, compromiso social y convicciones pol&#xED;ticas --</subfield>
    <subfield code="t">Pensamiento socio-educativo en sus principales obras --</subfield>
    <subfield code="t">La educaci&#xF3;n como pr&#xE1;ctica de la libertad --</subfield>
    <subfield code="t">Pedagog&#xED;a del oprimido --</subfield>
    <subfield code="t">&#xBF;Extensi&#xF3;n o comunicaci&#xF3;n? --</subfield>
    <subfield code="t">Acci&#xF3;n cultural para la libertad --</subfield>
    <subfield code="t">Pedagog&#xED;a de la esperanza --</subfield>
    <subfield code="t">Educaci&#xF3;n y pol&#xED;tica --</subfield>
    <subfield code="t">Cartas a Cristina --</subfield>
    <subfield code="t">Reflexiones sobre mi vida y mi trabajo --</subfield>
    <subfield code="t">La educaci&#xF3;n en la ciudad --</subfield>
    <subfield code="t">Pedagog&#xED;a y autonom&#xED;a: saberes necesarios para la pr&#xE1;ctica educativa --</subfield>
    <subfield code="t">Cartas a quien pretende ense&#xF1;ar --</subfield>
    <subfield code="t">Pedagog&#xED;a de la impugnaci&#xF3;n como paradigma educativo --</subfield>
    <subfield code="t">Concepto de paradigma cr&#xED;tico --</subfield>
    <subfield code="t">Epistemolog&#xED;a educativa --</subfield>
    <subfield code="t">Su teor&#xED;a de los fines --</subfield>
    <subfield code="t">Su teor&#xED;a de los valores --</subfield>
    <subfield code="t">Su teor&#xED;a educativa --</subfield>
    <subfield code="t">El analfabetismo --</subfield>
    <subfield code="t">Alfabetaizaci&#xF3;n --</subfield>
    <subfield code="t">Educaci&#xF3;n b&#xE1;sica de j&#xF3;venes y adultos --</subfield>
    <subfield code="t">Educaci&#xF3;n popular --</subfield>
    <subfield code="t">Investigaci&#xF3;n participativa --</subfield>
    <subfield code="t">Fundamentos de la teor&#xED;a educativa --</subfield>
    <subfield code="t">Teor&#xED;a sobre antropolog&#xED;a educativa --</subfield>
    <subfield code="t">Teor&#xED;a sobre la ense&#xF1;anza --</subfield>
    <subfield code="t">Teor&#xED;a sobre la metodolog&#xED;a y la concientizaci&#xF3;n --</subfield>
    <subfield code="t">La teor&#xED;a sobre la escuela --</subfield>
    <subfield code="t">La dimensi&#xF3;n pol&#xED;tica de la propuesta freiriana --</subfield>
    <subfield code="t">La utop&#xED;a educativa en la propuesta freiriana --</subfield>
    <subfield code="t">Compromiso social en el pensamiento freiriano --</subfield>
    <subfield code="t">Compromiso social con los sectores populares --</subfield>
    <subfield code="t">Compromiso con la lucha del movimiento sindical magisterial --</subfield>
    <subfield code="t">Opcion politica en el pensamiento freiriano --</subfield>
    <subfield code="t">Cr&#xED;tica al capitalismo salvaje --</subfield>
    <subfield code="t">Cr&#xED;tica a la modernidad instrumental --</subfield>
    <subfield code="t">Cr&#xED;tica de la izquierda ortodoxa --</subfield>
    <subfield code="t">Desafio de los sectores progresistas --</subfield>
    <subfield code="t">Reorientaci&#xF3;n del proyecto escolar --</subfield>
    <subfield code="t">Reconstruir el proyecto socialista --</subfield>
    <subfield code="t">Construir el proyecto de posmodernidad progresista --</subfield>
  </datafield>
  <datafield tag="590" ind1=" " ind2=" ">
    <subfield code="a">Inventariado, 2023 / DG</subfield>
  </datafield>
  <datafield tag="650" ind1="4" ind2=" ">
    <subfield code="a">Freire, Paul</subfield>
    <subfield code="x">Pensamiento filos&#xF3;fico</subfield>
    <subfield code="y">1921-1997</subfield>
    <subfield code="9">83128</subfield>
  </datafield>
  <datafield tag="650" ind1="4" ind2=" ">
    <subfield code="a">M&#xE9;todos de ense&#xF1;anza</subfield>
    <subfield code="9">2196</subfield>
  </datafield>
  <datafield tag="910" ind1=" " ind2=" ">
    <subfield code="a">DG</subfield>
  </datafield>
  <datafield tag="942" ind1=" " ind2=" ">
    <subfield code="2">ddc</subfield>
    <subfield code="c">LBS1</subfield>
  </datafield>
  <datafield tag="952" ind1=" " ind2=" ">
    <subfield code="0">0</subfield>
    <subfield code="1">0</subfield>
    <subfield code="5">4</subfield>
    <subfield code="7">0</subfield>
    <subfield code="8">DS</subfield>
    <subfield code="a">GR</subfield>
    <subfield code="b">GR</subfield>
    <subfield code="c">HD</subfield>
    <subfield code="d">2015-08-28</subfield>
    <subfield code="i">LF1</subfield>
    <subfield code="l">0</subfield>
    <subfield code="o">xxxx xxxx</subfield>
    <subfield code="p">46527-30</subfield>
    <subfield code="r">2020-06-25</subfield>
    <subfield code="t">e. 3</subfield>
    <subfield code="w">2020-06-25</subfield>
    <subfield code="y">LFDS</subfield>
    <subfield code="z">Perteneci&#xF3; a la biblioteca personal de Chiqui Vicioso / Fidelio Despradel.</subfield>
    <subfield code="Z">Pr&#xE9;stamo en sala</subfield>
  </datafield>
  <datafield tag="952" ind1=" " ind2=" ">
    <subfield code="0">0</subfield>
    <subfield code="1">0</subfield>
    <subfield code="7">1</subfield>
    <subfield code="8">PD</subfield>
    <subfield code="a">PD</subfield>
    <subfield code="b">PD</subfield>
    <subfield code="c">HD</subfield>
    <subfield code="d">2015-08-24</subfield>
    <subfield code="i">LF1</subfield>
    <subfield code="l">0</subfield>
    <subfield code="o">xxxx xxxx</subfield>
    <subfield code="p">46527-10</subfield>
    <subfield code="r">2020-06-25</subfield>
    <subfield code="w">2020-06-25</subfield>
    <subfield code="y">LFPD</subfield>
    <subfield code="Z">No se presta</subfield>
  </datafield>
  <datafield tag="952" ind1=" " ind2=" ">
    <subfield code="0">0</subfield>
    <subfield code="1">0</subfield>
    <subfield code="7">1</subfield>
    <subfield code="8">PD</subfield>
    <subfield code="a">PD</subfield>
    <subfield code="b">PD</subfield>
    <subfield code="c">HD</subfield>
    <subfield code="d">2015-08-24</subfield>
    <subfield code="i">LF1</subfield>
    <subfield code="l">0</subfield>
    <subfield code="o">xxxx xxxx</subfield>
    <subfield code="p">46527-20</subfield>
    <subfield code="r">2020-06-25</subfield>
    <subfield code="t">e. 2</subfield>
    <subfield code="w">2020-06-25</subfield>
    <subfield code="y">LFPD</subfield>
    <subfield code="Z">No se presta</subfield>
  </datafield>
  <datafield tag="952" ind1=" " ind2=" ">
    <subfield code="0">0</subfield>
    <subfield code="1">0</subfield>
    <subfield code="2">ddc</subfield>
    <subfield code="5">6</subfield>
    <subfield code="7">0</subfield>
    <subfield code="8">DS</subfield>
    <subfield code="a">BNPHU</subfield>
    <subfield code="b">BNPHU</subfield>
    <subfield code="c">CT</subfield>
    <subfield code="d">2023-02-16</subfield>
    <subfield code="l">0</subfield>
    <subfield code="o">BNPHU DS 371.3 C117P</subfield>
    <subfield code="p">2023-0974</subfield>
    <subfield code="r">2023-02-16</subfield>
    <subfield code="t">e.4</subfield>
    <subfield code="w">2023-02-16</subfield>
    <subfield code="y">LBS1</subfield>
  </datafield>
  <datafield tag="999" ind1=" " ind2=" ">
    <subfield code="c">46016</subfield>
    <subfield code="d">46016</subfield>
  </datafield>
</record>
